|
|
|
|
| LEADER |
00000nam a2200000 i 4500 |
| 001 |
DIGEDUNAV0014 |
| 003 |
NyNyDIG |
| 008 |
201008s2008 sp a o 000 0 spa d |
| 006 |
m o d |
| 007 |
cr ||||||||||| |
| 035 |
|
|
|a (OCoLC)1200536088
|
| 040 |
|
|
|a DGITA
|b eng
|e rda
|e pn
|c DGITA
|
| 020 |
|
|
|z 9788431325121
|
| 020 |
|
|
|z 8431325127
|
| 050 |
1 |
4 |
|a Z694.15.R46 ebook
|
| 082 |
0 |
4 |
|a 025.320946
|
| 100 |
1 |
|
|a Clausó García, Adelina,
|e author.
|
| 245 |
1 |
0 |
|a Manual de análisis documental :
|b supuestos prácticos de monografías /
|c Adelina Clausó García, Antonio Carpallo Bautista.
|
| 264 |
|
1 |
|a Pamplona :
|b EUNSA, Ediciones Universidad de Navarra, S.A.,
|c [2008]
|
| 300 |
|
|
|a 1 online resource. :
|b illustrations.
|
| 336 |
|
|
|a text
|b txt
|2 rdacontent
|
| 337 |
|
|
|a computer
|b c
|2 rdamedia
|
| 338 |
|
|
|a online resource
|b cr
|2 rdacarrier
|
| 347 |
|
|
|a text file
|2 rdaft
|
| 347 |
|
|
|b PDF
|
| 588 |
0 |
|
|a Online resource; title from PDF title page (Digitalia, viewed October 8, 2020)
|
| 630 |
0 |
0 |
|a Reglas de catalogación
|v Handbooks, manuals, etc.
|
| 650 |
|
0 |
|a Descriptive cataloging
|z Spain
|v Handbooks, manuals, etc.
|
| 655 |
|
7 |
|a Handbooks and manuals.
|2 lcgft
|
| 655 |
|
0 |
|a Electronic books.
|
| 700 |
1 |
|
|a Carpallo Bautista, Antonio,
|e author.
|
| 791 |
2 |
|
|a Digitalia (Firm),
|e distributor.
|
| 793 |
0 |
|
|g Digitalia eBook Collection:
|a Ediciones Universidad de Navarra
|
| 776 |
0 |
8 |
|i Print version:
|a Clausó García, Adelina.
|t Manual de análisis documental.
|b Primera edición.
|d Pamplona : Ediciones Universidad de Navarra, 2008
|z 9788431325121
|w (OCoLC)244660786
|
| 856 |
4 |
0 |
|3 Digitalia Hispánica
|u https://www.digitaliapublishing.com/a/51309/
|
| 910 |
|
|
|a Premium collection: 2020
|